000 01122nam0a2200265 4500
001 RU\NLR\bibl\1334333
005 20260408202752.0
035 _a(NLR Aleph) 001319544
090 _a730984
_c730984
100 _a20090301d2006 u y0rusy50 ca
101 0 _arus
102 _aRU
105 _ay |||||||||
200 1 _aЭволюция как саморазвивающаяся система
_eучебное пособие
_fА.В. Попов
_gС.-Петерб. гос. ун-т
210 _aСанкт-Петербург
_cСанкт-Петербургский государственный университет
_d2006
215 _a149, [2] с.
_d20
320 _aБиблиогр. в конце кн.
606 _aЭволюция (биол.)
_xСистемный подход
_3RU\NLR\auth\661514143
_92559563
686 _aЕ02в01я73
700 1 _4070
_8rus
_7ca
_aПопов
_bА. В.
_cд-р геол.-минерал. наук
_gАндриан Васильевич
_3RU\NLR\auth\7724334
_97385
801 0 _aRU
_bNLR
_c20090301
_gRCR
801 1 _aRU
_bNLR
_c20090301
942 _cBOOK
980 _aNB